[Event "32. Balaton Festival 2014 - Open"]
[Site "Balatonboglár"]
[Date "2014.06.14"]
[Round "1.1"]
[White "Jeszenszky, Jozsef"]
[Black "Aczel, Gergely"]
[Result "0-1"]
[WhiteElo "1958"]
[BlackElo "2464"]
[PlyCount "76"]
[EventDate "2014.06.14"]
[EventType "swiss"]
[EventRounds "9"]
[EventCountry "HUN"]
[Source "lmi"]
[SourceDate "2014.06.14"]

1. Nf3 d5 2. g3 c6 3. Bg2 Nf6 4. O-O Bg4 5. d4 e6 6. Re1 Nbd7 7. Nbd2 Be7 8. e4
Nb6 9. c3 O-O 10. Qb3 Bh5 11. a4 a5 12. Ne5 Qc7 13. h3 c5 14. dxc5 Bxc5 15.
exd5 Nfxd5 16. Nd3 Be7 17. Ne4 Nc4 18. Qc2 Rfd8 19. Bg5 f6 20. Bd2 e5 21. Bc1
Ncb6 22. Be3 Nxe3 23. Rxe3 Nc4 24. Ree1 f5 25. Nd2 Nxd2 26. Qxd2 Qd6 27. Bf1 e4
28. Qe3 exd3 29. Qxe7 d2 30. Qxd6 Rxd6 31. Red1 Re8 32. g4 fxg4 33. Bc4+ Kh8
34. Rf1 gxh3 35. Bb3 Be2 36. Rfb1 Re5 37. Bd1 Bd3 38. b4 h2+ 0-1

[Event "32. Balaton Festival 2014 - Open"]
[Site "Balatonboglár"]
[Date "2014.06.14"]
[Round "1.2"]
[White "Farago, Ivan"]
[Black "Baliuniene, Margarita"]
[Result "1-0"]
[WhiteElo "2441"]
[BlackElo "1957"]
[PlyCount "73"]
[EventDate "2014.06.14"]
[EventType "swiss"]
[EventRounds "9"]
[EventCountry "HUN"]
[Source "lmi"]
[SourceDate "2014.06.14"]

1. d4 d5 2. c4 e6 3. Nf3 Nf6 4. Nc3 Be7 5. Bf4 O-O 6. e3 Nbd7 7. Qc2 a6 8. c5
Nh5 9. Bd3 f5 10. h3 Nxf4 11. exf4 Nf6 12. O-O Bd7 13. Ne5 Ne4 14. Ne2 Bb5 15.
Bxb5 axb5 16. f3 Nf6 17. Qb3 c6 18. a4 Qa5 19. axb5 Qxb5 20. Qxb5 cxb5 21. b4
Ra4 22. Rxa4 bxa4 23. Ra1 Ra8 24. Ra3 Ne8 25. Nc3 Nc7 26. b5 Ra5 27. b6 Na6 28.
Rxa4 Rxa4 29. Nxa4 Nb4 30. c6 bxc6 31. b7 Bd6 32. Nc5 Kf8 33. b8=Q+ Bxb8 34.
Ned7+ Ke7 35. Nxb8 Kd6 36. Nba6 Nc2 37. Nb3 1-0

[Event "32. Balaton Festival 2014 - Open"]
[Site "Balatonboglár"]
[Date "2014.06.14"]
[Round "1.3"]
[White "Vitai, Tamas"]
[Black "Szabo, Zsolt"]
[Result "0-1"]
[WhiteElo "1946"]
[BlackElo "2303"]
[PlyCount "54"]
[EventDate "2014.06.14"]
[EventType "swiss"]
[EventRounds "9"]
[EventCountry "HUN"]
[Source "lmi"]
[SourceDate "2014.06.14"]

1. e4 d6 2. d4 g6 3. Bc4 Bg7 4. Qf3 Nf6 5. e5 dxe5 6. Qb3 O-O 7. dxe5 Ng4 8. e6
fxe6 9. Bxe6+ Kh8 10. Nf3 Nc6 11. Bxc8 Qxc8 12. h3 Nd4 13. Nxd4 Bxd4 14. O-O
Nxf2 15. Be3 Nxh3+ 16. gxh3 Rxf1+ 17. Kxf1 Qxh3+ 18. Ke2 Qg4+ 19. Ke1 Qe4 20.
Ke2 Rf8 21. Nd2 Qg4+ 22. Ke1 Qg3+ 23. Ke2 Qg4+ 24. Ke1 c5 25. Bxd4+ cxd4 26.
Qd3 Qg1+ 27. Nf1 Qf2+ 0-1

[Event "32. Balaton Festival 2014 - Open"]
[Site "Balatonboglár"]
[Date "2014.06.14"]
[Round "1.4"]
[White "Nagy, Ervin Dr"]
[Black "Toth, Daniel"]
[Result "1-0"]
[WhiteElo "2248"]
[BlackElo "1933"]
[PlyCount "79"]
[EventDate "2014.06.14"]
[EventType "swiss"]
[EventRounds "9"]
[EventCountry "HUN"]
[Source "lmi"]
[SourceDate "2014.06.14"]

1. e4 Nf6 2. d3 e5 3. Nf3 Nc6 4. c3 d5 5. Nbd2 Be7 6. Be2 O-O 7. O-O h6 8. b4
a6 9. Bb2 dxe4 10. dxe4 Be6 11. Qc2 Nd7 12. a3 f5 13. exf5 Bxf5 14. Bd3 Bxd3
15. Qxd3 Nb6 16. Qc2 Bf6 17. Rfe1 Nd5 18. Rad1 Nf4 19. g3 Nh3+ 20. Kg2 Qc8 21.
Qe4 Ng5 22. Nxg5 Bxg5 23. Nf3 Bf6 24. c4 Qe6 25. Rd5 Rae8 26. h4 Ne7 27. Rd2
Nc6 28. Nh2 Rf7 29. f4 Rfe7 30. f5 Qf7 31. Ng4 Rd7 32. Rxd7 Qxd7 33. Bc1 Qe7
34. Ne3 Rd8 35. Nd5 Qf7 36. Bb2 Rd7 37. Re2 Nd4 38. Bxd4 exd4 39. Nxf6+ Qxf6
40. Qe8+ 1-0

[Event "32. Balaton Festival 2014 - Open"]
[Site "Balatonboglár"]
[Date "2014.06.14"]
[Round "1.5"]
[White "Juhasz, Nagy Sandor"]
[Black "Pirisi, Gabor"]
[Result "1/2-1/2"]
[WhiteElo "1924"]
[BlackElo "2246"]
[PlyCount "97"]
[EventDate "2014.06.14"]
[EventType "swiss"]
[EventRounds "9"]
[EventCountry "HUN"]
[Source "lmi"]
[SourceDate "2014.06.14"]

1. d4 Nf6 2. c4 g6 3. Nf3 Bg7 4. Nc3 O-O 5. h3 d6 6. Bf4 Na6 7. e3 c5 8. Be2
Qa5 9. O-O Bd7 10. d5 Nc7 11. Qd2 a6 12. e4 b5 13. e5 b4 14. Nd1 Nfe8 15. Bh6
Qb6 16. Bxg7 Kxg7 17. b3 e6 18. Ne3 dxe5 19. Nxe5 Qd6 20. Qb2 f6 21. Nxd7 Qxd7
22. Bf3 Rd8 23. dxe6 Nxe6 24. Bg4 Qd4 25. Qc2 f5 26. Bxf5 gxf5 27. Nxf5+ Rxf5
28. Qxf5 Qf6 29. Qe4 Nd6 30. Qg4+ Qg6 31. Rfe1 Qxg4 32. hxg4 Kf6 33. Re3 Nd4
34. Rf1 a5 35. f4 a4 36. g5+ Kf5 37. Re5+ Kg4 38. bxa4 Nxc4 39. Rxc5 Ne3 40.
Rf2 Kg3 41. Rc1 Ng4 42. Rd2 Nf3+ 43. gxf3 Rxd2 44. fxg4 Rxa2 45. f5 Rxa4 46. g6
hxg6 47. fxg6 Kxg4 48. g7 Ra8 49. Rb1 1/2-1/2

[Event "32. Balaton Festival 2014 - Open"]
[Site "Balatonboglár"]
[Date "2014.06.14"]
[Round "1.6"]
[White "Balint, Vilmos"]
[Black "Radics, Laszlo Dr"]
[Result "1-0"]
[WhiteElo "2211"]
[BlackElo "1920"]
[PlyCount "69"]
[EventDate "2014.06.14"]
[EventType "swiss"]
[EventRounds "9"]
[EventCountry "HUN"]
[Source "lmi"]
[SourceDate "2014.06.14"]

1. e4 e5 2. f4 Bc5 3. Nf3 d6 4. Bc4 Nf6 5. Qe2 Bg4 6. fxe5 Bxf3 7. Qxf3 dxe5 8.
d3 O-O 9. Bg5 Qd6 10. Bxf6 Qxf6 11. Qxf6 gxf6 12. Rf1 Nd7 13. Nd2 Be3 14. Nf3
c6 15. Nh4 b5 16. Bb3 a5 17. a3 Bb6 18. Nf5 Bd8 19. Rf3 Nc5 20. Ba2 Ne6 21. c3
Ra7 22. Kd2 Rd7 23. Raf1 Kh8 24. Kc2 Rg8 25. g3 Rg6 26. Nh4 Rg5 27. b4 a4 28.
R3f2 h6 29. Kd2 Kh7 30. Ke2 Rc7 31. Nf5 Rg6 32. Nd6 Kg8 33. Ne8 Rd7 34. Rxf6
Nf4+ 35. R1xf4 1-0

[Event "32. Balaton Festival 2014 - Open"]
[Site "Balatonboglár"]
[Date "2014.06.14"]
[Round "1.7"]
[White "Rozsa, Sandor"]
[Black "Borsos, Bogdan"]
[Result "1/2-1/2"]
[WhiteElo "1915"]
[BlackElo "2204"]
[PlyCount "118"]
[EventDate "2014.06.14"]
[EventType "swiss"]
[EventRounds "9"]
[EventCountry "HUN"]
[Source "lmi"]
[SourceDate "2014.06.14"]

1. e4 e5 2. Nf3 Nc6 3. Bb5 a6 4. Ba4 d6 5. O-O Bd7 6. Bxc6 Bxc6 7. d4 Nf6 8.
dxe5 dxe5 9. Nxe5 Qxd1 10. Rxd1 Bxe4 11. Re1 Be7 12. Na3 O-O 13. f3 Bxa3 14.
fxe4 Bc5+ 15. Be3 Bxe3+ 16. Rxe3 Rfe8 17. Nd3 Rxe4 18. Rxe4 Nxe4 19. Re1 f5 20.
g4 Nd6 21. gxf5 Nxf5 22. Nf4 Rd8 23. Nd3 Kf7 24. Kf2 Kf6 25. Re4 b6 26. a4 a5
27. b4 axb4 28. Rxb4 Nd4 29. Rc4 Rd7 30. Ke3 Nf5+ 31. Ke2 g5 32. c3 c5 33. a5
Nd6 34. Ra4 c4 35. Nb4 Nb5 36. Na2 bxa5 37. Rxa5 Ra7 38. Rxa7 Nxa7 39. Nb4 Nb5
40. Nd5+ Ke5 41. Ne3 Nxc3+ 42. Kf3 Kd4 43. Nc2+ Kd3 44. Nb4+ Kd2 45. Kg4 Ne4
46. Kf5 Ke3 47. Nc2+ Kd3 48. Nb4+ Kd4 49. Nc2+ Kd3 50. Nb4+ Kc3 51. Na2+ Kd4
52. Kg4 Ke5 53. h4 gxh4 54. Kxh4 c3 55. Kh5 c2 56. Kh6 Nf6 57. Kg5 h5 58. Kh4
Kf4 59. Nb4 c1=N 1/2-1/2

[Event "32. Balaton Festival 2014 - Open"]
[Site "Balatonboglár"]
[Date "2014.06.14"]
[Round "1.8"]
[White "Csala, Imre"]
[Black "Gorbe, Szabolcs"]
[Result "1-0"]
[WhiteElo "2192"]
[BlackElo "1903"]
[PlyCount "107"]
[EventDate "2014.06.14"]
[EventType "swiss"]
[EventRounds "9"]
[EventCountry "HUN"]
[Source "lmi"]
[SourceDate "2014.06.14"]

1. d4 d5 2. Nf3 Nf6 3. e3 Bf5 4. c4 c6 5. Qb3 Qb6 6. c5 Qxb3 7. axb3 Nbd7 8. b4
Bxb1 9. Rxb1 a6 10. Bd3 g6 11. Ra1 O-O-O 12. Bd2 Bg7 13. Bc3 h6 14. O-O Ne4 15.
Bxe4 dxe4 16. Nd2 f5 17. Nc4 Nf6 18. Ne5 Rhg8 19. Nxg6 Nd5 20. Rfd1 Bf6 21. Nf4
Nxf4 22. exf4 Rd7 23. Rd2 h5 24. Rad1 Rd5 25. Kf1 Rg4 26. g3 h4 27. f3 exf3 28.
Kf2 hxg3+ 29. hxg3 Kd7 30. Kxf3 Ke8 31. Rh1 Kf7 32. Rh3 Rg8 33. Rh7+ Ke6 34.
Rg2 Rh8 35. Re2+ Kd7 36. Rexe7+ Bxe7 37. Rxh8 Ke6 38. Ke3 Bf6 39. Rh7 Be7 40.
Kd3 Rd8 41. Kc4 Rg8 42. Be1 Rd8 43. Bf2 Ra8 44. Rh1 Bf6 45. Rh7 Be7 46. g4 Rf8
47. Rh6+ Rf6 48. g5 Rxh6 49. gxh6 Bf6 50. h7 Kf7 51. Bh4 Bh8 52. Be1 Kg6 53.
Bc3 Kxh7 54. d5 1-0

[Event "32. Balaton Festival 2014 - Open"]
[Site "Balatonboglár"]
[Date "2014.06.14"]
[Round "1.9"]
[White "Rabovszky, Gyorgy"]
[Black "Toth, Sarolta"]
[Result "0-1"]
[WhiteElo "1901"]
[BlackElo "2176"]
[PlyCount "64"]
[EventDate "2014.06.14"]
[EventType "swiss"]
[EventRounds "9"]
[EventCountry "HUN"]
[Source "lmi"]
[SourceDate "2014.06.14"]

1. e4 e5 2. Nf3 Nc6 3. Bb5 Nf6 4. O-O Nxe4 5. d4 Nd6 6. Bxc6 dxc6 7. dxe5 Nf5
8. Qxd8+ Kxd8 9. Bg5+ Ke8 10. Nc3 Be6 11. Rad1 h6 12. Bc1 a5 13. g4 Ne7 14. h3
Nd5 15. Nd4 Nxc3 16. Nxe6 Ne2+ 17. Kg2 fxe6 18. Be3 g5 19. Kf3 Nf4 20. Bxf4
gxf4 21. Kxf4 Bc5 22. Ke4 Ke7 23. f4 h5 24. f5 exf5+ 25. gxf5 Rad8 26. c3 Rxd1
27. Rxd1 Rg8 28. Rf1 Rg3 29. f6+ Ke6 30. b4 axb4 31. cxb4 Re3+ 32. Kf4 Rxe5 0-1

[Event "32. Balaton Festival 2014 - Open"]
[Site "Balatonboglár"]
[Date "2014.06.14"]
[Round "1.20"]
[White "Lang, Gusztav"]
[Black "Rahimkulov, Margarita"]
[Result "1-0"]
[WhiteElo "1986"]
[BlackElo "1389"]
[PlyCount "51"]
[EventDate "2014.06.14"]
[EventType "swiss"]
[EventRounds "9"]
[EventCountry "HUN"]
[Source "lmi"]
[SourceDate "2014.06.14"]

1. Nf3 e6 2. g3 f5 3. d3 Nf6 4. Bg2 d5 5. O-O c6 6. Nc3 Bd6 7. e4 fxe4 8. dxe4
dxe4 9. Ng5 O-O 10. Ngxe4 Nxe4 11. Nxe4 Bc7 12. Qe2 Qe7 13. Bg5 Qf7 14. Rad1 h6
15. Be3 e5 16. Bc5 Rd8 17. Rxd8+ Bxd8 18. Nd6 Qe6 19. Nxc8 Qxc8 20. Qxe5 Qd7
21. Re1 Na6 22. Qe8+ Qxe8 23. Rxe8+ Kh7 24. Be4+ g6 25. Bd4 Nc7 26. Rh8# 1-0

[Event "32. Balaton Festival 2014 - Open"]
[Site "Balatonboglár"]
[Date "2014.06.15"]
[Round "2.1"]
[White "Aczel, Gergely"]
[Black "Kincs, Imre"]
[Result "1-0"]
[WhiteElo "2464"]
[BlackElo "2100"]
[PlyCount "31"]
[EventDate "2014.06.14"]
[EventType "swiss"]
[EventRounds "9"]
[EventCountry "HUN"]
[Source "lmi"]
[SourceDate "2014.06.14"]

1. d4 Nf6 2. c4 e6 3. Nc3 Bb4 4. e3 O-O 5. Bd3 b6 6. Nge2 Bb7 7. a3 Bxc3+ 8.
Nxc3 Bxg2 9. Rg1 Bb7 10. e4 d6 11. e5 Ne8 12. Bg5 Qd7 13. Bxh7+ Kxh7 14. Qh5+
Kg8 15. Bf6 dxe5 16. Rxg7+ 1-0

[Event "32. Balaton Festival 2014 - Open"]
[Site "Balatonboglár"]
[Date "2014.06.15"]
[Round "2.2"]
[White "Babits, Andras"]
[Black "Farago, Ivan"]
[Result "1/2-1/2"]
[WhiteElo "2082"]
[BlackElo "2441"]
[PlyCount "73"]
[EventDate "2014.06.14"]
[EventType "swiss"]
[EventRounds "9"]
[EventCountry "HUN"]
[Source "lmi"]
[SourceDate "2014.06.14"]

1. e4 c5 2. b3 b6 3. Bb2 Bb7 4. Nc3 e6 5. Nf3 a6 6. Be2 Qc7 7. O-O Nf6 8. e5
Ng4 9. d4 Nc6 10. h3 cxd4 11. hxg4 dxc3 12. Bxc3 Be7 13. Bd3 Nb4 14. Bb2 Qc6
15. c4 Nxd3 16. Qxd3 h5 17. gxh5 Rxh5 18. Rfd1 O-O-O 19. a3 g5 20. b4 g4 21.
Ne1 Rh3 22. b5 Qxg2+ 23. Nxg2 Rdh8 24. Qxd7+ Kb8 25. Qxb7+ Kxb7 26. Kf1 Bc5 27.
Rd7+ Kc8 28. Rxf7 Rf3 29. Rf4 axb5 30. Ke2 Rhh3 31. Rc1 Rb3 32. Rc2 g3 33. cxb5
Rh2 34. Kf1 Rh1+ 35. Ke2 Rh2 36. Kf1 Rh1+ 37. Ke2 1/2-1/2

[Event "32. Balaton Festival 2014 - Open"]
[Site "Balatonboglár"]
[Date "2014.06.15"]
[Round "2.3"]
[White "Szabo, Zsolt"]
[Black "Nemeth, Andras"]
[Result "0-1"]
[WhiteElo "2303"]
[BlackElo "2043"]
[PlyCount "74"]
[EventDate "2014.06.14"]
[EventType "swiss"]
[EventRounds "9"]
[EventCountry "HUN"]
[Source "lmi"]
[SourceDate "2014.06.14"]

1. d4 e6 2. c4 Bb4+ 3. Nc3 Nf6 4. e3 b6 5. Nge2 Bb7 6. a3 Be7 7. Ng3 h5 8. d5
h4 9. Nge4 Nxe4 10. Nxe4 f5 11. Nc3 Bf6 12. Bd2 a5 13. Qc2 Na6 14. e4 Nc5 15.
exf5 exf5 16. O-O-O O-O 17. Be3 Bg5 18. Kb1 Bxe3 19. fxe3 Qg5 20. Bd3 Rae8 21.
Rhe1 d6 22. Re2 Bc8 23. Rf1 Rxe3 24. Rxe3 Qxe3 25. Bxf5 g6 26. Be6+ Nxe6 27.
Qxg6+ Ng7 28. Rxf8+ Kxf8 29. Qf6+ Kg8 30. Qd8+ Qe8 31. Qxc7 Bf5+ 32. Ka1 Bd3
33. a4 Nf5 34. Ka2 Qe3 35. g4 Ne7 36. Qxd6 Bxc4+ 37. Ka3 Bxd5 0-1

[Event "32. Balaton Festival 2014 - Open"]
[Site "Balatonboglár"]
[Date "2014.06.15"]
[Round "2.4"]
[White "Nemeth, Attila Janos"]
[Black "Nagy, Ervin Dr"]
[Result "0-1"]
[WhiteElo "2041"]
[BlackElo "2248"]
[PlyCount "74"]
[EventDate "2014.06.14"]
[EventType "swiss"]
[EventRounds "9"]
[EventCountry "HUN"]
[Source "lmi"]
[SourceDate "2014.06.14"]

1. d4 Nf6 2. c4 e6 3. Nc3 Bb4 4. Qd3 c5 5. Nf3 cxd4 6. Nxd4 Nc6 7. Nxc6 bxc6 8.
Bf4 Qa5 9. f3 Ba6 10. e3 O-O 11. Kf2 d5 12. Qc2 dxc4 13. Be2 Nd5 14. Rhc1 Bc5
15. Nxd5 cxd5 16. b3 Rac8 17. bxc4 Ba3 18. Rd1 Bxc4 19. Rab1 Qa6 20. Bxc4 Rxc4
21. Qe2 Rfc8 22. Rb8 Rxb8 23. Bxb8 Qb6 24. Be5 f6 25. Bd4 Qc7 26. f4 Bb4 27.
Qh5 g6 28. Qh3 Rc2+ 29. Kf3 f5 30. Qh6 Bf8 31. Qh4 Qc4 32. Re1 Qd3 33. Kg3 Qd2
34. Rg1 Qf2+ 35. Kh3 Qxg1 36. Qg5 Be7 37. Qxe7 Qxg2+ 0-1

[Event "32. Balaton Festival 2014 - Open"]
[Site "Balatonboglár"]
[Date "2014.06.15"]
[Round "2.5"]
[White "Pozsonyi, Istvan"]
[Black "Balint, Vilmos"]
[Result "0-1"]
[WhiteElo "2016"]
[BlackElo "2211"]
[PlyCount "54"]
[EventDate "2014.06.14"]
[EventType "swiss"]
[EventRounds "9"]
[EventCountry "HUN"]
[Source "lmi"]
[SourceDate "2014.06.14"]

1. c4 e5 2. g3 Nf6 3. Bg2 c6 4. Nf3 e4 5. Nd4 Qb6 6. Nc2 Be7 7. Nc3 d5 8. O-O
Bf5 9. Ne3 Be6 10. cxd5 cxd5 11. Na4 Qa6 12. d4 exd3 13. exd3 d4 14. Nc4 Nbd7
15. b3 Rc8 16. Nab2 b5 17. Nd2 O-O 18. Nf3 Qb6 19. Re1 Bb4 20. Bd2 Bc3 21. Rb1
Bg4 22. h3 Bxf3 23. Bxf3 Qa5 24. Re2 Rfe8 25. Bf4 Rxe2 26. Qxe2 Qxa2 27. Qc2
Nc5 0-1

[Event "32. Balaton Festival 2014 - Open"]
[Site "Balatonboglár"]
[Date "2014.06.15"]
[Round "2.6"]
[White "Rezsek, Gyozo"]
[Black "Csala, Imre"]
[Result "0-1"]
[WhiteElo "2016"]
[BlackElo "2192"]
[PlyCount "60"]
[EventDate "2014.06.14"]
[EventType "swiss"]
[EventRounds "9"]
[EventCountry "HUN"]
[Source "lmi"]
[SourceDate "2014.06.14"]

1. e4 d6 2. d4 Nf6 3. Nc3 c6 4. Nf3 Nbd7 5. Be2 e5 6. O-O Be7 7. dxe5 dxe5 8.
Bc4 b5 9. Bb3 O-O 10. Ng5 Nc5 11. Bxf7+ Rxf7 12. Nxf7 Kxf7 13. Qxd8 Bxd8 14.
Bg5 b4 15. Bxf6 gxf6 16. Ne2 Nxe4 17. Ng3 Nxg3 18. hxg3 Bf5 19. Rfd1 Bxc2 20.
Rdc1 Be4 21. Rc4 Bd5 22. Rxb4 Bb6 23. a4 Rg8 24. a5 Bd4 25. Rb7+ Ke6 26. Rd1
Rxg3 27. Rxd4 Rxg2+ 28. Kf1 exd4 29. Rxa7 d3 30. Rxh7 Rg1+ 0-1

[Event "32. Balaton Festival 2014 - Open"]
[Site "Balatonboglár"]
[Date "2014.06.15"]
[Round "2.7"]
[White "Toth, Sarolta"]
[Black "Lang, Gusztav"]
[Result "1-0"]
[WhiteElo "2176"]
[BlackElo "1986"]
[PlyCount "45"]
[EventDate "2014.06.14"]
[EventType "swiss"]
[EventRounds "9"]
[EventCountry "HUN"]
[Source "lmi"]
[SourceDate "2014.06.14"]

1. Nf3 Nf6 2. c4 c5 3. g3 Nc6 4. Bg2 g6 5. Nc3 Bg7 6. O-O d6 7. d4 cxd4 8. Nxd4
Bd7 9. Nc2 O-O 10. b3 a6 11. Bb2 Rb8 12. Nd5 Ne8 13. Bxg7 Kxg7 14. e4 e6 15.
Nde3 Qc7 16. Rc1 Qa5 17. Qd3 Ne5 18. Qd4 Qc5 19. Qc3 Kg8 20. b4 Qc7 21. f4 Nc6
22. Ng4 a5 23. Nh6# 1-0

[Event "32. Balaton Festival 2014 - Open"]
[Site "Balatonboglár"]
[Date "2014.06.15"]
[Round "2.8"]
[White "Gaal, Alexander"]
[Black "Srebrnic, Vojko"]
[Result "0-1"]
[WhiteElo "1980"]
[BlackElo "2163"]
[PlyCount "112"]
[EventDate "2014.06.14"]
[EventType "swiss"]
[EventRounds "9"]
[EventCountry "HUN"]
[Source "lmi"]
[SourceDate "2014.06.14"]

1. c4 c5 2. e4 Nc6 3. Nf3 e5 4. Nc3 d6 5. d3 f5 6. Bg5 Be7 7. h4 Nf6 8. Qd2
fxe4 9. dxe4 Nd4 10. Nxd4 cxd4 11. Nd5 Nxd5 12. cxd5 O-O 13. O-O-O Bd7 14. Kb1
h6 15. Bxe7 Qxe7 16. f3 Rf4 17. Qb4 Be8 18. Rc1 Rf7 19. Be2 Qd8 20. g4 a5 21.
Qd2 Qf6 22. g5 Qf4 23. Qc2 h5 24. Qb3 b5 25. Rcf1 Rc7 26. Bxb5 Rb8 27. a4 Rcb7
28. Rf2 Bxb5 29. axb5 Rxb5 30. Qa3 Rc5 31. Rc2 Rxc2 32. Kxc2 Rc8+ 33. Kb1 Rc5
34. Qd3 Kh7 35. Qd1 Kg6 36. Qd3 Qf7 37. Rf1 Qf4 38. Rh1 Kh7 39. Qd1 a4 40. Qd3
Kg8 41. g6 Qg3 42. Qa6 Qxg6 43. Qxa4 Kh7 44. Qd7 Rc4 45. Ka2 Rb4 46. Rc1 d3 47.
Rd1 Qg2 48. Qf5+ Kh6 49. Qg5+ Qxg5 50. hxg5+ Kxg5 51. Rxd3 Kf4 52. Ka3 Rb8 53.
b4 h4 54. Rb3 h3 55. b5 h2 56. Rb1 Rxb5 0-1

[Event "32. Balaton Festival 2014 - Open"]
[Site "Balatonboglár"]
[Date "2014.06.15"]
[Round "2.9"]
[White "Grabow, Pouelsten Holm"]
[Black "Kozma, Edit"]
[Result "1/2-1/2"]
[WhiteElo "2147"]
[BlackElo "1962"]
[PlyCount "58"]
[EventDate "2014.06.14"]
[EventType "swiss"]
[EventRounds "9"]
[EventCountry "HUN"]
[Source "lmi"]
[SourceDate "2014.06.14"]

1. d4 Nf6 2. Nf3 e6 3. c4 b6 4. e3 Bb7 5. Be2 Bb4+ 6. Bd2 Qe7 7. O-O Ne4 8.
Bxb4 Qxb4 9. Qc2 O-O 10. Rd1 Qe7 11. Nc3 Nxc3 12. Qxc3 Na6 13. Rd2 c5 14. Rad1
Rfd8 15. a3 Rac8 16. dxc5 Nxc5 17. Qb4 d5 18. cxd5 Rxd5 19. Rxd5 Bxd5 20. Rc1
Rd8 21. Qf4 Bb3 22. h3 g6 23. Qh6 e5 24. h4 f6 25. Rc3 Qg7 26. Qxg7+ Kxg7 27.
Kf1 Kf8 28. Ke1 Ke7 29. Nd2 Rxd2 1/2-1/2

[Event "32. Balaton Festival 2014 - Open"]
[Site "Balatonboglár"]
[Date "2014.06.15"]
[Round "2.11"]
[White "Borsos, Bogdan"]
[Black "Palfi, Peter"]
[Result "1-0"]
[WhiteElo "2204"]
[BlackElo "1635"]
[PlyCount "87"]
[EventDate "2014.06.14"]
[EventType "swiss"]
[EventRounds "9"]
[EventCountry "HUN"]
[Source "lmi"]
[SourceDate "2014.06.14"]

1. e4 c5 2. Nf3 Nc6 3. c3 e5 4. Bc4 h6 5. d4 cxd4 6. cxd4 Bb4+ 7. Nc3 exd4 8.
Nxd4 Nxd4 9. Qxd4 Qf6 10. e5 Qg6 11. O-O Ne7 12. Bd3 Nc6 13. Qc4 Qe6 14. Nd5
O-O 15. Qe4 f5 16. exf6 Qxe4 17. Bxe4 b6 18. Nxb4 Rxf6 19. Rd1 Nxb4 20. Bxa8
Nc2 21. Rb1 Re6 22. Bd5 Ba6 23. b4 Kh8 24. Bxe6 dxe6 25. b5 Bb7 26. Rd7 Be4 27.
f3 Bd5 28. Rxa7 Nd4 29. Be3 Nf5 30. Bxb6 Nd6 31. Bd4 Nf5 32. Be5 Kg8 33. g4 Nh4
34. Rxg7+ Kf8 35. Rf1 Bc4 36. b6 Ba6 37. f4 Bc8 38. b7 Bxb7 39. Rxb7 Ng6 40.
Rc1 Ne7 41. Rcc7 h5 42. Rxe7 hxg4 43. Rh7 Kg8 44. Rh8# 1-0

[Event "32. Balaton Festival 2014 - Open"]
[Site "Balatonboglár"]
[Date "2014.06.15"]
[Round "2.17"]
[White "Toth, Daniel"]
[Black "Morvay, Eszter"]
[Result "0-1"]
[WhiteElo "1933"]
[BlackElo "1602"]
[PlyCount "82"]
[EventDate "2014.06.14"]
[EventType "swiss"]
[EventRounds "9"]
[EventCountry "HUN"]
[Source "lmi"]
[SourceDate "2014.06.14"]

1. c4 e5 2. Nc3 Nf6 3. Nf3 Nc6 4. g3 e4 5. Ng5 d5 6. cxd5 Nxd5 7. Ngxe4 Bf5 8.
Bg2 Nf6 9. O-O Be7 10. d3 Qd7 11. Nxf6+ Bxf6 12. Nd5 O-O-O 13. Ne3 Bh3 14. Qa4
Bxg2 15. Kxg2 Bd4 16. Rb1 h5 17. h4 g5 18. Rh1 gxh4 19. Rxh4 Bf6 20. Rh1 Qe6
21. Qc4 Qe5 22. Qe4 Qd6 23. Nf5 Qd7 24. Nh4 Nd4 25. Nf3 Nxf3 26. Qxf3 Qd5 27.
Bd2 h4 28. Bc3 h3+ 29. Rxh3 Qxf3+ 30. exf3 Bxc3 31. bxc3 Rxh3 32. Kxh3 Rxd3 33.
Rc1 Rxf3 34. Rc2 Kd7 35. Kg4 Rf6 36. f4 Ke6 37. Re2+ Kd7 38. f5 Rc6 39. Re3 Ra6
40. Kg5 b5 41. Re5 f6+ 0-1

[Event "32. Balaton Festival 2014 - Open"]
[Site "Balatonboglár"]
[Date "2014.06.15"]
[Round "2.20"]
[White "Rahimkulov, Margarita"]
[Black "Rabovszky, Gyorgy"]
[Result "0-1"]
[WhiteElo "1389"]
[BlackElo "1901"]
[PlyCount "72"]
[EventDate "2014.06.14"]
[EventType "swiss"]
[EventRounds "9"]
[EventCountry "HUN"]
[Source "lmi"]
[SourceDate "2014.06.14"]

1. Nf3 c5 2. e3 d5 3. b3 Bg4 4. Be2 Nc6 5. Bb2 Nf6 6. d4 e6 7. O-O Qc7 8. Ne5
h5 9. Nd2 cxd4 10. exd4 Bd6 11. f4 Bf5 12. c4 Bxe5 13. fxe5 Ng4 14. Bxg4 Bxg4
15. Qc2 O-O 16. a3 Ne7 17. h3 Bf5 18. Qc3 Rac8 19. Rac1 f6 20. Nf3 Be4 21. exf6
gxf6 22. Nh4 Nf5 23. Nxf5 exf5 24. cxd5 Qg7 25. Qd2 Kf7 26. b4 Rxc1 27. Rxc1
Qg3 28. Rc3 Qd6 29. Qh6 Rg8 30. Qxh5+ Rg6 31. Qh7+ Rg7 32. Qh5+ Ke7 33. g4 fxg4
34. hxg4 Qf4 35. Bc1 Rxg4+ 36. Qxg4 Qxg4+ 0-1

[Event "32. Balaton Festival 2014 - Open"]
[Site "Balatonboglár"]
[Date "2014.06.16"]
[Round "3.1"]
[White "Csala, Imre"]
[Black "Aczel, Gergely"]
[Result "0-1"]
[WhiteElo "2192"]
[BlackElo "2464"]
[PlyCount "90"]
[EventDate "2014.06.14"]
[EventType "swiss"]
[EventRounds "9"]
[EventCountry "HUN"]
[Source "lmi"]
[SourceDate "2014.06.14"]

1. d4 Nf6 2. Nf3 c5 3. e3 d5 4. Be2 Nbd7 5. O-O g6 6. b3 Bg7 7. Bb2 O-O 8. c4
cxd4 9. Bxd4 dxc4 10. Bxc4 a6 11. Ne5 Nxe5 12. Bxe5 b5 13. Be2 Bb7 14. Nc3 Qa5
15. Rc1 Rfd8 16. Qe1 b4 17. Bxf6 exf6 18. Na4 Qg5 19. g3 Qd5 20. f3 Bh6 21. Rd1
Bxe3+ 22. Kg2 Qf5 23. Bc4 Qc2+ 24. Qe2 Qxe2+ 25. Bxe2 a5 26. Nb2 Bb6 27. Bb5 f5
28. Nc4 Bc7 29. Rde1 Kf8 30. Re2 g5 31. Kf2 Rd5 32. Ba4 Rd3 33. Re3 Rxe3 34.
Kxe3 Rd8 35. f4 gxf4+ 36. gxf4 Be4 37. Bb5 Rd3+ 38. Ke2 Rh3 39. Rf2 Bd3+ 40.
Ke1 Ke7 41. Ba6 Kf6 42. Bc8 h6 43. Nb2 Be4 44. Nc4 Rc3 45. Kd1 Bf3+ 0-1

[Event "32. Balaton Festival 2014 - Open"]
[Site "Balatonboglár"]
[Date "2014.06.16"]
[Round "3.2"]
[White "Nagy, Ervin Dr"]
[Black "Toth, Sarolta"]
[Result "1-0"]
[WhiteElo "2248"]
[BlackElo "2176"]
[PlyCount "71"]
[EventDate "2014.06.14"]
[EventType "swiss"]
[EventRounds "9"]
[EventCountry "HUN"]
[Source "lmi"]
[SourceDate "2014.06.14"]

1. e4 e5 2. Nf3 Nc6 3. Be2 g6 4. d4 exd4 5. Nxd4 Bg7 6. Nxc6 bxc6 7. O-O Ne7 8.
c3 O-O 9. Bg5 h6 10. Be3 d5 11. exd5 cxd5 12. Bd4 Qd6 13. Na3 c5 14. Bxg7 Kxg7
15. Qd2 Be6 16. Rad1 Qb6 17. b4 Rac8 18. Rb1 Kh7 19. Rfd1 Rfd8 20. Nb5 cxb4 21.
Rxb4 Qc5 22. Nd4 Bd7 23. Rb7 Rc7 24. Nb3 Qd6 25. Rxc7 Qxc7 26. Qd4 Bf5 27. Rd2
Nc6 28. Qc5 Qd6 29. Qxd6 Rxd6 30. Bf3 Be6 31. c4 dxc4 32. Rxd6 cxb3 33. axb3
Na5 34. b4 Nc4 35. Ra6 Ne5 36. Rxa7 1-0